000 00311nam a2200121Ia 4500
005 20251222141819.0
008 251222s9999||||xx |||||||||||||| ||spa||
020 _a84-7130-506-2
082 _a250.7/U61
245 0 _aAnuario de derecho eclesiƔstico del estado
264 _bUniversidad Complutense
942 _cLIB
999 _c6744
_d6744